LIBRARY & INFORMATION CENTRE, KCAET, TAVANUR

ONLINE PUBLIC ACCESS CATALOGUE (OPAC)

Comparative Evaluation of Naturally Ventilated Polyhouse and Rainshelter on the Performance of Tomato (Record no. 14892)

MARC details
000 -LEADER
fixed length control field 00771nam a22001817a 4500
003 - CONTROL NUMBER IDENTIFIER
control field OSt
088 ## - REPORT NUMBER
Report number T372
100 ## - MAIN ENTRY--AUTHOR NAME
Personal name POOJA B G
245 ## - TITLE STATEMENT
Title Comparative Evaluation of Naturally Ventilated Polyhouse and Rainshelter on the Performance of Tomato
260 ## - PUBLICATION, DISTRIBUTION, ETC. (IMPRINT)
Place of publication Tavanur 2017
Name of publisher Department of Land & Water Resources and Conservation Engineering
300 ## - PHYSICAL DESCRIPTION
Number of Pages 92
500 ## - GENERAL NOTE
General note Comparative Evaluation of Naturally Ventilated Polyhouse and Rainshelter on the Performance of Tomato
520 ## - SUMMARY, ETC.
Summary, etc Comparative Evaluation of Naturally Ventilated Polyhouse and Rainshelter on the Performance of Tomato
700 ## - ADDED ENTRY--PERSONAL NAME
Personal name Dr. Abdul Hakkim V.M
856 ## - ELECTRONIC LOCATION AND ACCESS
Uniform Resource Identifier https://drive.google.com/open?id=17byB5M6JLvq3-8v2FLtxuTCwgn7rJFS-
942 ## - ADDED ENTRY ELEMENTS (KOHA)
Koha item type Theses
Holdings
Collection code Home library Current library Shelving location Full call number Accession Number Koha item type Public note
Reference KAUAET KAUAET Reference 631.75807 POO/CO T 372 Theses M.Tech Thesis
free website counter